|
|
|
|
| LEADER |
00000nam0a2200000 4500 |
| 001 |
364628 |
| 005 |
20231102011716.0 |
| 035 |
|
|
|a (RuTPU)RU\TPU\retro\21986
|
| 090 |
|
|
|a 364628
|
| 100 |
|
|
|a 20211123d1980 km y0rusy50 ca
|
| 101 |
0 |
|
|a rus
|
| 102 |
|
|
|a RU
|
| 105 |
|
|
|a a z 000zy
|
| 200 |
1 |
|
|a Русские золотые и серебрянные изделия XII- XVII в. в.
|e путеводитель
|f Оружейная палата ; сост. Н. Мякишева
|
| 210 |
|
|
|a Москва
|c Изобразительное искусство
|d 1980
|
| 215 |
|
|
|a 20 с.
|c ил.
|
| 606 |
1 |
|
|a Искусство
|x Музеи. Постоянные выставки
|2 stltpush
|3 (RuTPU)RU\TPU\subj\73448
|9 86449
|
| 606 |
1 |
|
|a Серебряные изделия художественные
|2 stltpush
|3 (RuTPU)RU\TPU\subj\54672
|9 72780
|
| 610 |
1 |
|
|a музейные коллекции
|
| 610 |
1 |
|
|a путеводители
|
| 610 |
1 |
|
|a музейные собрания
|
| 610 |
1 |
|
|a Московский Кремль
|
| 610 |
1 |
|
|a декоративно-прикладное искусство
|
| 610 |
1 |
|
|a золотые изделия
|
| 610 |
1 |
|
|a история
|
| 610 |
1 |
|
|a 12 век
|
| 610 |
1 |
|
|a 13 век
|
| 610 |
1 |
|
|a 14 век
|
| 610 |
1 |
|
|a 15 век
|
| 610 |
1 |
|
|a 16 век
|
| 610 |
1 |
|
|a 17 век
|
| 675 |
|
|
|a 7(069)
|v 4
|
| 675 |
|
|
|a 739
|v 4
|
| 702 |
|
1 |
|a Мякишева
|b Н.
|4 220
|
| 712 |
0 |
2 |
|a Оружейная палата
|c Государственный историко-культурный музей
|c (Москва)
|2 stltpush
|3 (RuTPU)RU\TPU\col\17523
|9 26671
|
| 801 |
|
1 |
|a RU
|b 63413507
|c 20211123
|
| 801 |
|
2 |
|a RU
|b 63413507
|c 20220117
|g RCR
|
| 942 |
|
|
|c BK
|